000 00546nac a22001931ca4500
001 a987661531
008 170707s1990 gw |||| 000u rus d
041 _arus
245 0 0 _aVneočerednoj tretij s'ezd narodnych deputatov SSSR :
_b12-15 marta 1990 g. ; Stenografičeskij otčet
264 _aMoskva :
_bIzd. Verchovnogo Soveta SSSR,
_c1990
300 _a3 Bände
650 0 _aParlament
650 0 _aPerestrojka
650 0 _aKongreß der Volksdeputierten
942 _cMG
040 _cRU-10907106
003 RU-10907106
999 _c43658
_d43658